00972nam a2200169 a 450000100100000000500170001000800410002704000250006808200200009310000290011324500570014226000360019930000300023550504480026565000300071365000590074300002150220200930011341.0100908s1976 dr r 000 0 spa d aDO-SdBNPbspacBNPHU a510.2433bL865m1 aLora R., Ricardo Antonio10aMatemáticas financieras /cRicardo Antonio Lora R. aSanto Domingo :bTaller,c1976. a260 p. :bgraf. ;c25 cm.0 aLos números. Repaso de algunas operaciones - Exponentes. Logaritmos; concepto, tabla y su uso - Algunas nociones de estadística - Depreciación - Descuento comercial - Calculo de precios y beneficio - Interés simple - Valor actual u descuento bancario - Interés compuesto - Anualidades vencidas u ordinarias - Anualidades anticipadas y diferidas - Amortización - Bonos. Algunas operaciones - Caso general de las anualidades ciertas. 4aMatemáticas financieras 4aMatemáticas financierasxProblemas, ejercicios, etc.